| 000 | 00587nam a2200157 a 4500 | ||
|---|---|---|---|
| 001 | 000045861 | ||
| 005 | 20250128195002.0 | ||
| 008 | 150522s2001 dr ac 000 0 spa d | ||
| 040 |
_aDO-SdBNP _bspa _cBNPHU |
||
| 082 |
_axxxx _bxxxx |
||
| 111 | 2 |
_aCongreso Académico Empresarial _n(8vo. _d2001 feb. : _cSanto Domingo) _973933 |
|
| 245 | 1 | 0 |
_aPromoción de venta como herramienta estratégica / _cexpositor ; John J. Burnett. |
| 260 |
_aSanto Domingo : _bUniversidad Católica de Santo Domingo, _c2001. |
||
| 300 |
_a215 p. : _bil., retrs. ; _c21 cm. |
||
| 700 | 1 | 2 |
_aBurnett, John J. _d1944- _973934 |
| 999 |
_c45350 _d45350 |
||